000 00514nam a2200169 4500
001 139201
003 ES-MaACL
005 20230906195726.0
007 t|
008 070214s1916 fr r ||||1| fre d
100 1 _aSarolea, Charles.
_9103841
245 1 3 _aLe reveil de la France /
_cCharles Sarolea ; traduit de l'anglais par Charles Grolleau.
260 _aParis :
_bGeorges Gres et Cie.,
_c1916.
300 _a107 p., 1 lám. ;
_c15 cm.
700 1 _aGrolleau, Charles.
_960120
852 _aES-MaACL
_jG-2038
999 _c139201
_d139201